000 00448nam a22001697a 4500
005 20230509123706.0
008 230509b |||||||| |||| 00| 0 eng d
020 _a0-7879-6570-7
041 _aeng
082 _a619.9 ROZ-C
100 _aROZOVSKY, FAY A. AND ADAMS , RODNEY K . ADAMS
_97838
245 _aCLINICAL TRIALS AND HUMAN RESEARCH
260 _bJOSSEY -BASS
300 _a639;P.
650 _aPHARMACY
_xB. PHARMA
_97839
942 _cBK
999 _c8302
_d8300